Pays par la premières lettres en 90 secondes - Statistiques

Statistiques générales
  • Ce quiz a été pris 648 fois
  • Le résultat moyen est 181 sur 196
Réponses sur la Carte
Les réponses sont colorées sur une échelle allant du rouge au vert en fonction du pourcentage des utilisateurs qui les ont devinées à leur premier essai. Vous pouvez retrouver ces pourcentages ci-dessous.
 
Statistiques - réponses
Pays % Correct
République Centrafricaine
99%
République démocratique du Congo
99%
République du Congo
99%
Afghanistan
98%
Afrique du Sud
98%
Albanie
98%
Algérie
98%
Allemagne
98%
Andorre
98%
Angola
98%
Antigua-et-Barbuda
98%
Arabie Saoudite
98%
Argentine
98%
Arménie
98%
Australie
98%
Autriche
98%
Azerbaïdjan
98%
Égypte
97%
Émirats arabes unis
97%
Équateur
97%
Érythrée
97%
Espagne
97%
Estonie
97%
Eswatini
97%
Etats-Unis
97%
Éthiopie
97%
Cambodge
96%
Cameroun
96%
Canada
96%
Cap-Vert
96%
Chili
96%
Chine
96%
Chypre
96%
Colombie
96%
Comores
96%
Corée du Nord
96%
Corée du Sud
96%
Costa Rica
96%
Côte d'Ivoire
96%
Croatie
96%
Cuba
96%
Fidji
95%
Finlande
95%
France
95%
République dominicaine
95%
République tchèque
95%
Roumanie
95%
Royaume-Uni
95%
Russie
95%
Rwanda
95%
Birmanie
94%
Bahamas
93%
Bahreïn
93%
Bangladesh
93%
Barbade
93%
Belgique
93%
Belize
93%
Bénin
93%
Bhoutan
93%
Biélorussie
93%
Bolivie
93%
Bosnie-Herzégovine
93%
Botswana
93%
Brésil
93%
Brunei
93%
Bulgarie
93%
Burkina Faso
93%
Burundi
93%
Ukraine
92%
Uruguay
92%
Gabon
91%
Gambie
91%
Géorgie
91%
Ghana
91%
Grèce
91%
Grenade
91%
Guatemala
91%
Guinée
91%
Guinée-Bissau
91%
Guinée équatoriale
91%
Guyana
91%
Haïti
91%
Honduras
91%
Hongrie
91%
Île Maurice
91%
Îles Marshall
91%
Laos
91%
Lesotho
91%
Lettonie
91%
Liban
91%
Liberia
91%
Libye
91%
Liechtenstein
91%
Lituanie
91%
Luxembourg
91%
Saint-Christophe- et-Niévès
91%
Sainte-Lucie
91%
Saint-Marin
91%
Saint-Vincent-et-les- Grenadines
91%
Salomon
91%
Salvador
91%
Samoa
91%
Sao Tomé-et-Principe
91%
Sénégal
91%
Serbie
91%
Seychelles
91%
Sierra Leone
91%
Singapour
91%
Slovaquie
91%
Slovénie
91%
Somalie
91%
Soudan
91%
Soudan du Sud
91%
Sri Lanka
91%
Suède
91%
Suisse
91%
Suriname
91%
Syrie
91%
Tadjikistan
91%
Taïwan
91%
Tanzanie
91%
Tchad
91%
Thaïlande
91%
Timor oriental
91%
Togo
91%
Tonga
91%
Trinité-et-Tobago
91%
Tunisie
91%
Turkménistan
91%
Turquie
91%
Tuvalu
91%
Danemark
90%
Djibouti
90%
Dominique
90%
Inde
90%
Indonésie
90%
Irak
90%
Iran
90%
Irlande
90%
Islande
90%
Israël
90%
Italie
90%
Jamaïque
90%
Japon
90%
Jordanie
90%
Kazakhstan
90%
Kenya
90%
Kirghizistan
90%
Kiribati
90%
Kosovo
90%
Koweït
90%
Macédoine du Nord
90%
Madagascar
90%
Malaisie
90%
Malawi
90%
Maldives
90%
Mali
90%
Malte
90%
Maroc
90%
Mauritanie
90%
Mexique
90%
Micronésie
90%
Moldavie
90%
Monaco
90%
Mongolie
90%
Monténégro
90%
Mozambique
90%
Namibie
90%
Nauru
90%
Népal
90%
Nicaragua
90%
Niger
90%
Nigeria
90%
Norvège
90%
Nouvelle-Zélande
90%
Pakistan
90%
Palaos
90%
Panama
90%
Papouasie-Nouvelle- Guinée
90%
Paraguay
90%
Pays-Bas
90%
Pérou
90%
Philippines
90%
Pologne
90%
Portugal
90%
Zambie
90%
Zimbabwe
90%
Oman
89%
Ouganda
89%
Ouzbékistan
89%
Vanuatu
88%
Vatican
88%
Venezuela
88%
Viêt Nam
88%
Qatar
87%
Yémen
87%
Aucun quiz correspondant
Distribution des résultats
% des personnes avec chaque résultat
Percentile par nombre de réponses
Votre historique - résultats
Vous n’avez pas pris ce quiz